<?xml version="1.0" encoding="UTF-8"?>
<collection xmlns="http://www.loc.gov/MARC21/slim">
 <record>
  <leader>01617nam a2200241Ia 4500</leader>
  <controlfield tag="001">CTU_165952</controlfield>
  <controlfield tag="008">210402s9999    xx            000 0 und d</controlfield>
  <datafield tag="020" ind1=" " ind2=" ">
   <subfield code="c">24.95</subfield>
  </datafield>
  <datafield tag="082" ind1=" " ind2=" ">
   <subfield code="a">810.9003</subfield>
  </datafield>
  <datafield tag="082" ind1=" " ind2=" ">
   <subfield code="b">S378</subfield>
  </datafield>
  <datafield tag="100" ind1=" " ind2=" ">
   <subfield code="a">Schreiner, Samuel Agnew</subfield>
  </datafield>
  <datafield tag="245" ind1=" " ind2="4">
   <subfield code="a">The Concord quartet :</subfield>
  </datafield>
  <datafield tag="245" ind1=" " ind2="0">
   <subfield code="b">Alcott, Emerson, Hawthorne, Thoreau, and the friendship that freed the American mind</subfield>
  </datafield>
  <datafield tag="245" ind1=" " ind2="0">
   <subfield code="c">Samuel A. Schreiner, Jr.</subfield>
  </datafield>
  <datafield tag="260" ind1=" " ind2=" ">
   <subfield code="a">Hoboken, N.J.</subfield>
  </datafield>
  <datafield tag="260" ind1=" " ind2=" ">
   <subfield code="b">John Wiley &amp; Sons</subfield>
  </datafield>
  <datafield tag="260" ind1=" " ind2=" ">
   <subfield code="c">2006</subfield>
  </datafield>
  <datafield tag="520" ind1=" " ind2=" ">
   <subfield code="a">&quot;Beginning in the 1830s, coincidences that seem almost miraculous in retrospect brought together in Concord as friends and neighbors four men of very different temperaments and talents who shared the same conviction that the soul had 'inherent power to grasp the truth' and that the truth would make men free of old constraints on thought and behavior. In addition to Emerson, a philosopher, there was Amos Bronson Alcott, an educator; Henry David Thoreau, a naturalist and rebel; and Nathaniel Hawthorne, a novelist. This book is the story of that unique and influential friendship in action, of the lives the friends led, and their work that resulted in an enduring change in their nation's direction.&quot; --From the Prologue</subfield>
  </datafield>
  <datafield tag="650" ind1=" " ind2=" ">
   <subfield code="a">Authors, American,Transcendentalists (New England),Literary landmarks,Tác giả ngừời Mỹ,Người theo thuyết tiên nghiệm,Các điểm mốc văn học</subfield>
  </datafield>
  <datafield tag="650" ind1=" " ind2=" ">
   <subfield code="y">19th century,Thế kỷ 19</subfield>
  </datafield>
  <datafield tag="650" ind1=" " ind2=" ">
   <subfield code="z">Massachusetts,Massachusetts</subfield>
  </datafield>
  <datafield tag="904" ind1=" " ind2=" ">
   <subfield code="i">Phuong, Năm</subfield>
  </datafield>
  <datafield tag="980" ind1=" " ind2=" ">
   <subfield code="a">Trung tâm Học liệu Trường Đại học Cần Thơ</subfield>
  </datafield>
 </record>
</collection>
